Real estate investment by objective
| Main Author: | |
|---|---|
| Format: | Book |
| Published: |
New York :
Mc Graw Hill Book Co ,
1979
|
| Subjects: |
MARC
| LEADER | 00000cam a2200000 7i4500 | ||
|---|---|---|---|
| 001 | 0000007983 | ||
| 005 | 20160923.0 | ||
| 020 | |a 0070134952 | ||
| 040 | |a INS | ||
| 090 | 0 | 0 | |a HD1375 |b C73 1979 |
| 100 | 0 | |a Creedy, Judith | |
| 245 | 0 | 0 | |a Real estate investment by objective |c Judith Creedy, Norbert F. Wall |
| 260 | |a New York : |b Mc Graw Hill Book Co , |c 1979 | ||
| 300 | |a 411p ; |c 24 cm. | ||
| 650 | 0 | 0 | |a Real estate investment |z United States |
| 999 | |a 0000023398 |b BOOK |c Open Shelf |e Default branch | ||